000 00690nam a2200265Ia 4500
005 20260121170701.0
008 008 260114s9999 xx 000 0 eng d
020 _a9789811306778
037 _aEBOOK
040 _aCRL
040 _beng
040 _cCRL
041 _2eng
041 _aeng
084 _qCRL
100 _aAasha Kapur Mehta, Shashanka Bhide, Anand Kumar, Amita Shah
_91066886
245 0 _aPoverty, Chronic Poverty and Poverty Dynamics
260 _bSpringer
260 _bSpringer
260 _c2018
856 _uhttps://link.springer.com/openurl?genre=book&isbn=978-981-13-0677-8
942 _cEBOOK
999 _c1632616
_d1632616